拼音以H开头的中国城市 Chinese cities whose pinyin begins with H - Statistics

General Stats
  • This quiz has been taken 104 times
  • The average score is 36 of 63
Answer Stats
七普人口 DWUA 省份 行政类别 城市 % Correct
550 387 黑龙江 地级市 哈尔滨
97%
223 221 内蒙古 地级市 呼和浩特
92%
874 962 浙江 地级市 杭州
91%
209 257 海南 地级市 海口
90%
19 青海 地级市 海东
89%
75 70 浙江 地级市 湖州
89%
109 90 安徽 地级市 淮南
89%
43 内蒙古 地级市 呼伦贝尔
87%
82 77 安徽 地级市 淮北
87%
34 新疆 地级市 哈密
86%
194 155 河北 地级市 邯郸
86%
130 97 江苏 地级市 淮安
86%
37 安徽 地级市 黄山
86%
32 湖北 地级市 黄冈
85%
46 广西 地级市 河池
84%
82 54 山东 地级市 菏泽
84%
18 黑龙江 地级市 黑河
84%
67 118 湖北 地级市 黄石
84%
267 189 广东 地级市 惠州
84%
50 55 黑龙江 地级市 鹤岗
82%
103 84 湖南 地级市 衡阳
82%
378 505 安徽 地级市 合肥
81%
63 51 广东 地级市 河源
81%
84 55 河北 地级市 衡水
81%
59 70 湖南 地级市 怀化
80%
64 69 辽宁 地级市 葫芦岛
76%
34 广西 地级市 贺州
75%
52 河南 地级市 鹤壁
75%
53 陕西 地级市 汉中
72%
45 江苏 县级市 海安
56%
42 浙江 县级市 海宁
54%
28 新疆 县级市 和田
54%
41 辽宁 县级市 海城
48%
23 山东 县级市 海阳
47%
24 河北 县级市 黄骅
43%
19 陕西 县级市 韩城
39%
7 陕西 县级市 华阴
38%
2 新疆 县级市 霍尔果斯
38%
2 新疆 县级市 胡杨河
37%
45 湖北 县级市 汉川
34%
26 广东 县级市 鹤山
34%
29 广东 县级市 化州
34%
7 甘肃 县级市 合作
33%
13 山西 县级市 霍州
33%
14 黑龙江 县级市 海伦
32%
18 山西 县级市 怀仁
32%
12 黑龙江 县级市 海林
29%
暂无数据 广西 县级市 横州
29%
8 黑龙江 县级市 虎林
29%
18 河北 县级市 河间
28%
20 山西 县级市 河津
28%
16 湖北 县级市 洪湖
28%
13 内蒙古 县级市 霍林郭勒
28%
18 吉林 县级市 珲春
27%
6 吉林 县级市 和龙
25%
17 山西 县级市 侯马
25%
37 河南 县级市 辉县
25%
12 湖南 县级市 洪江
24%
11 四川 县级市 华蓥
24%
4 广西 县级市 合山
23%
8 甘肃 县级市 华亭
23%
15 吉林 县级市 桦甸
23%
暂无数据 四川 县级市 会理
23%
No matching quizzes found
Score Distribution
Percent of People with Each Score
Percentile by Number Answered
Your Score History
You have not taken this quiz